|
|
|
|
| LEADER |
00997nam a22002652i 4500 |
| 001 |
000228139 |
| 003 |
CZ BrMZK |
| 005 |
20160302104052.0 |
| 007 |
ta |
| 008 |
950101s1950 xo f slo d |
| 040 |
|
|
|a BOA001
|b cze
|e rda
|
| 100 |
1 |
|
|a Kollár, Ján,
|d 1793-1852
|7 jk01061359
|4 aut
|
| 245 |
1 |
0 |
|a Pamäti z mladších rokov života /
|c Ján Kollár ; zredigoval K. Goláň
|
| 264 |
|
1 |
|a Bratislava :
|b Tatran,
|c 1950
|
| 300 |
|
|
|a 265 stran
|
| 336 |
|
|
|a text
|b txt
|2 rdacontent
|
| 337 |
|
|
|a bez média
|b n
|2 rdamedia
|
| 338 |
|
|
|a svazek
|b nc
|2 rdacarrier
|
| 700 |
1 |
|
|a Goláň, Karel,
|d 1895-1961
|7 jk01032509
|4 edt
|
| 910 |
|
|
|a BOA001
|b 2-0268.315
|
| 990 |
|
|
|a BK
|
| 991 |
|
|
|b 201508
|
| 996 |
7 |
|
|b 2619777555
|c 2-0268.315
|l MZK
|r Sklad / do 24 hodin
|n 6
|w 000228139
|u 000030
|a 1
|e BOA001
|j MZK50
|s A
|
| 996 |
7 |
|
|b 2619781953
|c 2-0268.315
|l MZK
|r Sklad / do 24 hodin
|n 4
|w 000228139
|u 000020
|a 1
|e BOA001
|j MZK50
|s A
|
| 996 |
7 |
|
|b 2619909071
|c 2-0268.315
|l MZK
|r Sklad / do 24 hodin
|n 3
|w 000228139
|u 000010
|a 1
|e BOA001
|j MZK50
|s A
|